Liverpool FC Results 2019/20 - Statistics

General Stats
  • This quiz has been taken 7 times
  • The average score is 30 of 115
Answer Stats
Match Score and Scorers % Correct
9/8: Liverpool vs Norwich 4-1
100%
21/6: Everton vs Liverpool 0-0
40%
28/9: Sheffield United vs Liverpool 0-1
40%
11/1: Tottenham vs Liverpool 0-1
40%
15/2: Norwich vs Liverpool 0-1
40%
29/1: West Ham vs Liverpool 0-2
40%
31/8: Burnley vs Liverpool 0-3
40%
7/12: Bournemouth vs Liverpool 0-3
40%
26/12: Leicester vs Liverpool 0-4
40%
29/12: Liverpool vs Wolves 1-0
40%
20/10: Man united vs Liverpool 1-1
40%
17/8: Southampton vs Liverpool 1-2
40%
22/9: Chelsea vs Liverpool 1-2
40%
2/11: Aston Villa vs Liverpool 1-2
40%
2/1: Liverpool vs Sheffield United 2-0
40%
19/1: Liverpool vs Man united 2-0
40%
5/10: Liverpool vs Leicester 2-1
40%
27/10: Liverpool vs Tottenham 2-1
40%
7/3: Liverpool vs Bournemouth 2-1
40%
29/2: Watford vs Liverpool 3-0
40%
24/8: Liverpool vs Arsenal 3-1
40%
14/9: Liverpool vs Newcastle 3-1
40%
10/11: Liverpool vs Man City 3-1
40%
24/6: Liverpool vs Crystal Palace 4-0
40%
2/7: Man City vs Liverpool 4-0
40%
Fabinho
40%
Firmino
40%
Firmino
40%
Firmino
40%
Firmino (2)
40%
Lallana
40%
Mane
40%
Mane
40%
Mane
40%
Mane
40%
Mane
40%
Mane
40%
Mane
40%
Milner
40%
O.G
40%
Robertson
40%
Salah
40%
Salah
40%
Salah
40%
Salah
40%
Salah
40%
Salah (2)
40%
Trent
40%
Trent
40%
Van Dijk
40%
Wijnaldum
40%
23/11: Crystal Palace vs Liverpool 1-2
20%
23/1: Wolves vs Liverpool 1-2
20%
26/7: Newcastle vs Liverpool 1-3
20%
14/12: Liverpool vs Watford 2-0
20%
5/7: Liverpool vs Aston Villa 2-0
20%
30/11: Liverpool vs Brighton 2-1
20%
24/2: Liverpool vs West Ham 3-2
20%
1/2: Liverpool vs Southampton 4-0
20%
4/12: Liverpool vs Everton 5-2
20%
Fabinho
20%
Firmino
20%
Firmino
20%
Firmino
20%
Henderson
20%
Henderson
20%
Jones
20%
Keita
20%
Mane
20%
Mane
20%
Mane
20%
Mane
20%
Mane
20%
Mane
20%
Mane
20%
Mane (2)
20%
Matip
20%
Milner
20%
O.G
20%
Origi
20%
Origi (2)
20%
Salah
20%
Salah
20%
Salah
20%
Salah
20%
Salah
20%
Salah
20%
Salah (2)
20%
Salah (2)
20%
Shaqiri
20%
Trent
20%
Van Dijk
20%
Van Dijk
20%
Van Dijk (2)
20%
Wijnaldum
20%
11/7: Liverpool vs Burnley 1-1
0%
8/7: Brighton vs Liverpool 1-3
0%
15/7: Arsenal vs Liverpool 2-1
0%
22/7: Liverpool vs Chelsea 5-3
0%
Chamberlain
0%
Chamberlain
0%
Chamberlain
0%
Chamberlain
0%
Firmino
0%
Henderson
0%
Henderson
0%
Keita
0%
Mane
0%
Mane
0%
Origi
0%
Robertson
0%
Salah (2)
0%
Trent
0%
Wijnaldum
0%
Wijnaldum
0%
No matching quizzes found
Score Distribution
Percent of People with Each Score
Percentile by Number Answered
Your Score History
You have not taken this quiz